00774nam a2200205 a 450000500170000000800410001704000250005804100080008304400070009110000180009824501660011626001290028230000100041165100400042170000210046170000220048270000250050470000180052970000210054720151112020002.0140122b2004 ck ||||| |||| 00| 0 spa d aCO-BoIAVHcCO-BoIAVH aspa ack aArango, Diego aGestión local Ambiental, un compromiso principalbcartilla para el fortalecimiento de la gestión participativa alrededor de la cuenca del río Cane-Iguaque aBogotábAlcaldía de Villa de LeyvabConsejo Ambiental de Villa de LeyvabUAESPNNbInstituto Alexander von Humboldtc2004 a45 p. aColombiazCuenca Río Cane-Iguaque aMurillo, Xatlí aHernández, Sara aRuíz, Cesar Agusto aVargas, Nancy aMurtinho, Felipe